000 00292nam a22001337a 4500
008 170623b xxu||||| |||| 00| 0 eng d
020 _a9780521748322
041 _aeng
080 _a32
100 _a21
101 _aSHP
245 _aIS DEMOCRACY EXPORTABLE
_cBARANY.Z
942 _2udc
_cBK
999 _c19041
_d19041